| 000 | 00910cab a2200241 4500 | ||
|---|---|---|---|
| 001 | ABS55082 | ||
| 008 | 090401t1996 xxu||||| |||| 00| 0 eng d | ||
| 035 | _a(Sirsi) u14051 | ||
| 041 | _aeng | ||
| 245 | _aCCT focus | ||
| 260 | _c1996 | ||
| 350 | _a0 | ||
| 490 |
_aLocal Government Chronicle _vSupplement (6700) 19 April 1996, (24) |
||
| 520 | _aA supplement on CCT in local government, including articles on anti-competitive behaviour, loss-making bids, direct service organisations (DSOs), Labour Party plans for CCT, glossary of terms, timetable of CCT implementations in local authorities, housing management tenders, and rankings of contractors. | ||
| 650 | _aCOMPULSORY COMPETITIVE TENDERING | ||
| 650 | _aDIRECT SERVICE ORGANISATIONS | ||
| 650 | _aGLOSSARY | ||
| 650 | _aHOUSING MANAGEMENT | ||
| 650 | _aLOSS-MAKING BIDS | ||
| 690 | _aSPECIAL REPORTS | ||
| 942 | _n0 | ||
| 948 | _c04/03/1997 | ||
| 999 |
_c9107 _d9107 |
||